QUEST Central Library Banner

بابری مسجد (Record no. 65387)

MARC details
000 -LEADER
fixed length control field 00229nam a22001097a 4500
082 ## - DEWEY DECIMAL CLASSIFICATION NUMBER
Classification number 297.266 ح م ی
100 ## - MAIN ENTRY--AUTHOR NAME
Personal name حمیرااطھر
245 ## - TITLE STATEMENT
Title بابری مسجد
260 ## - PUBLICATION, DISTRIBUTION, ETC. (IMPRINT)
Place of publication کراچی
300 ## - PHYSICAL DESCRIPTION
Number of Pages ۳۰۴
942 ## - ADDED ENTRY ELEMENTS (KOHA)
Koha item type Books
Holdings
Withdrawn status Lost status Collection code Home library Current library Date acquired Full call number Accession Number Koha item type
    Reference Reference Section Reference Section 11/07/2019 297.266 ح م ی (Shelf - 16B) R16895 Books

Copyright © 2018,The QUEST, Nawabshah, Shaheed Benazirabad. All rights reserved
Mr. G. Farooq Channar (Librarian) QUEST, Nawabshah, Sindh, Pakistan 67480.
 Ph#: |   0244-9370381-4 Ext. 2308   Email| lib@quest.edu.pk   Web|  http://www.quest.edu.pk